| 000 | 00000nam##2200000za#4500 |
| 001 | 9.566429 |
| 003 | CaOODSP |
| 005 | 20210624180303 |
| 007 | cr ||||||||||| |
| 008 | 150406|2005||||xxc|||||o f|0| 0 eng|d |
| 040 | |aCaOODSP|beng |
| 043 | |an-cn--- |
| 086 | 1 |aTU3-5/05-12E-PDF |
| 110 | 2 |aTransportation Safety Board of Canada. |
| 245 | 10|aFlight into adverse weather - collision with terrain - NordPlus 1998 Ltée de Havilland DHC-2 Beaver C-FODG, Schefferville, Quebec 20 nm NW, 01 September 2005 |h[electronic resource] |
| 260 | |aGatineau - Quebec : |bTransportation Safety Board of Canada |c[2006]. |
| 300 | |a9p.|billus., maps |
| 490 | 1 |aAviation investigation report |vA05Q0157 |
| 590 | |a10-05-Supp|b2010-07-20 |
| 690 | 07|aAircraft accidents|2gcpds |
| 775 | 08|tVol dans des conditions météorologiques défavorables et collision avec le relief du de Havilland DHC-2 Beaver C-FODG exploité par NordPlus 1998 Ltée à 20 nm au nord-ouest de Schefferville (Québec), le 1er septembre 2005 |w(CaOODSP)9.597913 |
| 830 | #0|aAviation investigation report ;|vA05Q0157|w(CaOODSP)9.504825 |
| 856 | 40|ahttp://publications.gc.ca|qPDF|s972 KB|uhttps://publications.gc.ca/collections/collection_2009/bst-tsb/TU3-5-05-12E.pdf|yA05Q0157 |